Clemson Basketball: Leading Scorer Every Year - Statistics

General Stats
  • This quiz has been taken 17 times
    14 since last reset
  • The average score is 20 of 76
Answer Stats
Year Player Average % Correct
2021-2022 PJ Hall 15.5
100%
2022-2023 PJ Hall 15.3
100%
2023-2024 PJ Hall 18.3
100%
2014-2015 Jaron Blossomgame 13.1
64%
2015-2016 Jaron Blossomgame 18.7
64%
2016-2017 Jaron Blossomgame 17.7
64%
1985-1986 Horace Grant 16.4
45%
1986-1987 Horace Grant 21.0
45%
2013-2014 K.J. McDaniels 17.1
45%
2017-2018 Marcquise Reed 15.8
45%
2018-2019 Marcquise Reed 19.4
45%
2019-2020 Aamir Simms 13.0
36%
2020-2021 Aamir Simms 13.4
36%
1990-1991 Dale Davis 17.9
36%
2012-2013 Devin Booker 13.1
36%
1987-1988 Elden Campbell 18.8
36%
1988-1989 Elden Campbell 17.5
36%
1989-1990 Elden Campbell 16.4
36%
2008-2009 Trevor Booker 15.3
36%
2009-2010 Trevor Booker 15.2
36%
2011-2012 Andre Young 13.3
27%
2010-2011 Demontez Stitt 14.5
27%
2002-2003 Edward Scott 17.7
27%
1980-1981 Larry Nance 15.9
27%
1975-1976 Tree Rollins 13.7
27%
1981-1982 Vincent Hamilton 15.0
27%
1982-1983 Vincent Hamilton 15.3
27%
1984-1985 Vincent Hamilton 15.1
27%
1953-1954 Bill Yarborough 15.7
18%
1954-1955 Bill Yarborough 28.3
18%
1978-1979 Billy Williams 13.2
18%
1979-1980 Billy Williams 17.6
18%
1967-1968 Butch Zatezalo 23.0
18%
1968-1969 Butch Zatezalo 25.8
18%
1969-1970 Butch Zatezalo 21.7
18%
1959-1960 Choppy Patterson 16.4
18%
1960-1961 Choppy Patterson 19.0
18%
1991-1992 Chris Whitney 13.4
18%
1970-1971 Dave Angel 13.7
18%
1971-1972 Dave Angel 13.9
18%
1992-1993 Devin Gray 16.7
18%
1994-1995 Devin Gray 14.0
18%
1995-1996 Greg Buckner 13.1
18%
1996-1997 Greg Buckner 15.6
18%
1997-1998 Greg Buckner 16.3
18%
2006-2007 K.C. Rivers 14.0
18%
2007-2008 K.C. Rivers 14.7
18%
1964-1965 Randy Mahaffey 17.3
18%
1993-1994 Sharone Wright 15.4
18%
2003-2004 Sharrod Ford 11.9
18%
2004-2005 Sharrod Ford 14.9
18%
1974-1975 Skip Wise 18.5
18%
1976-1977 Stan Rome 15.3
18%
1977-1978 Stan Rome 12.7
18%
1998-1999 Terrell McIntyre 17.9
18%
1999-2000 Will Solomon 20.9
18%
2000-2001 Will Solomon 19.7
18%
1948-1949 Doug Haugk 10.9
9%
1965-1966 Garry Helms 19.2
9%
1958-1959 George Krajack 13.0
9%
2001-2002 Jamar McKnight 12.5
9%
1961-1962 Jim Brennan 17.1
9%
1962-1963 Jim Brennan 16.6
9%
1963-1964 Jim Brennan 18.3
9%
1966-1967 Jim Sutherland 18.8
9%
1952-1953 John McGraw 13.8
9%
1949-1950 John Snee 13.9
9%
1950-1951 John Snee 17.5
9%
1951-1952 John Snee 14.7
9%
1983-1984 Murray Jarman 15.0
9%
2005-2006 Shawan Robinson 12.3
9%
1972-1973 Van Gregg 13.6
9%
1973-1974 Van Gregg 13.8
9%
1955-1956 Vince Yockel 20.9
9%
1956-1957 Vince Yockel 19.8
9%
1957-1958 Vince Yockel 13.8
9%
No matching quizzes found
Score Distribution
Percent of People with Each Score
Percentile by Number Answered
Your Score History
You have not taken this quiz since the last reset